000 00179 a2200073 4500
020 _a91060660060
082 _2302.2345083 PHI
_a302.2345083
_b1
245 _aSATURDAY MORNING MIND CONTROL
999 _c783145
_d783144
942 _w438
_xLucy Nkosi
_y438
_zLucy Nkosi